000 00602nam a2200205Ia 4500
003 OSt
005 20250618090758.0
008 210210b1999 xxu||||| |||| 00| 0 eng d
040 _cAL
041 _aKannada
082 _aK494.8 SHAK
100 _aSHANKARBHAT (D N).
_9215284
_dಶಂಕರಭಟ್ (ಡಿ ಎನ್ )
245 _aKannada shabda rachane.
_bಕನ್ನಡ ಶಬ್ದ ರಚನೆ
260 _aBengaluru
_bKannada Sangha Kraist Kalej
_c1999
300 _ax,190
650 _aShabdagalu
_9215285
690 _aKannada Language
_9215286
906 _aSG03416
942 _2ddc
_cBK
999 _c114252
_d114252